Groupes de Pays #3 - Statistiques

Statistiques générales
  • Ce quiz a été pris 187 fois
  • Le résultat moyen est 14 sur 21
Statistiques - réponses
Hint Réponse % Correct
BRICS Chine
97%
BRICS Inde
94%
BRICS Russie
92%
BRICS Brésil
91%
BRICS Afrique du Sud
87%
Quatre dragons asiatiques Corée du Sud
72%
Cône Sud Argentine
69%
Cône Sud Chili
69%
Quatre dragons asiatiques Taïwan
69%
Cône Sud Uruguay
65%
Triplice (1882) Allemagne
62%
Quatre dragons asiatiques Singapour
62%
Triplice (1882) Italie
61%
Bouclier de la Péninsule Arabie saoudite
59%
Bouclier de la Péninsule Oman
57%
Bouclier de la Péninsule Qatar
56%
Bouclier de la Péninsule Bahreïn
55%
Bouclier de la Péninsule Émirats arabes unis
52%
Bouclier de la Péninsule Koweït
51%
Quatre dragons asiatiques Hong Kong
45%
Triplice (1882) Autriche-Hongrie
44%
Aucun quiz correspondant
Distribution des résultats
% des personnes avec chaque résultat
Percentile par nombre de réponses
Votre historique - résultats
Vous n’avez pas pris ce quiz